All Disney Animated Movies - Whammies - Statistics

General Stats
  • This quiz has been taken 127 times
  • The average score is 7 of 64
Answer Stats
Year Movie % Correct
1937 Snow White and the Seven Dwarfs
98%
1940 Pinocchio
38%
1940 Fantasia
22%
1941 Dumbo
18%
1992 Aladdin
16%
1942 Bambi
16%
1991 Beauty and the Beast
16%
1996 The Hunchback of Notre Dame
16%
1994 The Lion King
16%
1998 Mulan
13%
1995 Pocahontas
13%
1999 Tarzan
13%
1989 The Little Mermaid
13%
1990 The Rescuers Down Under
13%
1950 Cinderella
11%
1999 Fantasia 2000
11%
1997 Hercules
11%
1953 Peter Pan
11%
1942 Saludos Amigos
11%
1951 Alice in Wonderland
9%
2000 Dinosaur
9%
1947 Fun and Fancy Free
9%
1955 Lady and the Tramp
9%
1946 Make Mine Music
9%
1948 Melody Time
9%
1988 Oliver & Company
9%
1961 One Hundred and One Dalmatians
9%
1973 Robin Hood
9%
1959 Sleeping Beauty
9%
1949 The Adventures of Ichabod and Mr. Toad
9%
1970 The Aristocats
9%
2000 The Emperor's New Groove
9%
1967 The Jungle Book
9%
1977 The Many Adventures of Winnie the Pooh
9%
1977 The Rescuers
9%
1963 The Sword in the Stone
9%
1944 The Three Caballeros
9%
2001 Atlantis: The Lost Empire
7%
2003 Brother Bear
7%
2005 Chicken Little
7%
2013 Frozen
7%
2004 Home on the Range
7%
2002 Lilo & Stitch
7%
2024 Moana 2
7%
2022 Strange World
7%
2010 Tangled
7%
1985 The Black Cauldron
7%
1981 The Fox and the Hound
7%
1986 The Great Mouse Detective
7%
2009 The Princess and the Frog
7%
2002 Treasure Planet
7%
2025 Zootopia 2
7%
2014 Big Hero 6
4%
2008 Bolt
4%
2021 Encanto
4%
2019 Frozen 2
4%
2007 Meet the Robinsons
4%
2016 Moana
4%
2018 Ralph Breaks the Internet
4%
2021 Raya and the Last Dragon
4%
2011 Winnie the Pooh
4%
2023 Wish
4%
2012 Wreck-It Ralph
4%
2016 Zootopia
4%
No matching quizzes found
Score Distribution
Percent of People with Each Score
Percentile by Number Answered
Your Score History
You have not taken this quiz